Responses for Show #2503 - Wednesday, June 21, 1995

Contestants

[<< previous game]

Pete Brunner, a computer specialist from Ellicott City, Maryland

June O'Connor, a school nurse from Bergenfield, New Jersey

Ed McIntyre, a part-time newspaper copy editor from Durham, North Carolina (whose 2-day cash winnings total $30,301)

[next game >>]

Jeopardy! Round responses

SCIENCE
SHOW TUNES
ASSOCIATIONS
SOUNDS
FOOD & DRINK
RAIN POTPOURRI
    $100 7
(June: What's nitrogen?)

nickel

JunePete
    $100 1
diamonds

June
    $100 13
the American Bar Association

June
    $100 6
Martha's Vineyard

Pete
    $100 23
pumpkin

June
    $100 18
a rainy day

June
    $200 8
direct current

Ed
    $200 2
A Chorus Line

Pete
    $200 14
the Veterans of Foreign Wars

June
    $200 9
Puget Sound

Pete
    $200 24
Parmesan

Pete
    $200 19
shine

Ed
    $300 25
legs (feet)

June
    $300 3
Fiddler on the Roof

Ed
    $300 15
Malta

Ed
    $300 10
Long Island Sound

Ed
    $300 26
a tortilla

Ed
    $300 20
an umbrella

June
    $400 29
magma

June
    $400 4
Anthony Newley

Ed
    $400 16
the Little League (Baseball)

Ed
    $400 11
the Arctic Ocean

Ed
    $400 27
a beet

Pete
    $400 21
(Ed: What is an unidentified flying object?)

a rainbow

Ed
Triple Stumper
    $500 30
Portuguese man-of-war

Ed
    $500 5
Jumbo

Ed
    $500 17
Billy Graham

Ed
    $1,000 12
(Ed: I do not know.)

Prince William Sound

Ed
    $500 28
port

June
    $500 22
Henry Wadsworth Longfellow

Triple Stumper

Scores at the first commercial break (after clue 15):

Ed June Pete
$1,400 $300 $600

Scores at the end of the Jeopardy! Round:

Ed June Pete
$2,900 $2,000 $1,200

Double Jeopardy! Round responses

HISTORIC AMERICANS
RELIGION
ZOOLOGY
FRENCH ART & ARTISTS
THE CUMBERLAND ROAD
LITERARY ALLUSIONS
    $200 1
(Meriwether) Lewis

Ed
    $200 7
Pontius Pilate

Ed
    $200 18
the penguin

Ed
    $200 16
Napoleon Bonaparte

Ed
    $200 2
Indiana

June
    $200 24
a Sherlock

Ed
    $400 3
Robert E. Lee

Pete
    $400 12
Islam

June
    $400 20
Setters

June
    $400 17
the Civil War

Pete
    $400 8
toll booths

Ed
    $600 4
Patrick Henry

Triple Stumper
    $600 13
(Roger) Williams

June
    $600 21
the diamondback

Ed
    $600 19
(Georges) Seurat

Pete
    $1,000 9
Jefferson

Ed
    $600 27
Lilliputians

Ed
    $800 5
(Charles) Lindbergh

June
    $800 14
(June: What's Confucism?)

Taoism

JunePete
    $1,000 22
(Claude) Monet

Ed
    $800 10
Maryland

Pete
    $800 25
Vanity Fair

Ed
    $1000 6
(Eugene) Debs

Pete
    $1000 15
Shiva (the Destroyer)

Ed
    $1000 28
(Ed: What is a caiman?)
(Pete: What is a gavilán?)
...
[The end-of-round signal sounds.]
(Alex: Gavilán, I believe, is Spanish for hawk.)

a gavial

EdPete
Triple Stumper
    $1000 23
(Pete: Who is Picasso?)
...
(Alex: We have a minute to go, Ed.)

Georges Braque

Pete
Triple Stumper
    $1000 11
Illinois

Pete
    $1000 26
(Ed: Who is Voltaire?)

(François) Rabelais

Ed
Triple Stumper

Scores at the end of the Double Jeopardy! Round:

Ed June Pete
$7,300 $3,600 $4,200

[wagering suggestions for these scores]

Final Jeopardy! Round responses

ODD WORDS
(Alex: Should be relatively easy, "lapidate" sounds like a semiprecious stone, lapis lazuli.)
JuneWhat is stoning?
$3,400
PeteWhat is stoning
$3,001
EdWhat is flaying?
$1,101
stoning

Final scores:

Ed June Pete
$6,199 $7,000 $7,201
3rd place: Elcombe MainStreet Messenger emergency response system + Jeopardy! Sports Edition for home computer or Super Nintendo Entertainment System + Jeopardy! home game 2nd place: trip on TWA & stay at the Walt Disney World Swan + Jeopardy! Sports Edition for home computer or Super Nintendo Entertainment System + Jeopardy! home game New champion: $7,201

Game dynamics:

Coryat scores:

Ed June Pete
$7,700 $3,600 $4,200
24 R
(including 2 DDs),
4 W
(including 1 DD)
14 R,
2 W
13 R,
2 W

Combined Coryat: $15,500

[game clues] [game scores] [suggest correction]

Game tape date: 1995-02-08
The J! Archive is created by fans, for fans. Scraping, republication, monetization, and malicious use prohibited; this site may use cookies and collect identifying information. See terms. The Jeopardy! game show and all elements thereof, including but not limited to copyright and trademark thereto, are the property of Jeopardy Productions, Inc. and are protected under law. This website is not affiliated with, sponsored by, or operated by Jeopardy Productions, Inc. Join the discussion at JBoard.tv.